| 000 | 00372cam a22000977a 4500 | ||
|---|---|---|---|
| 008 | 180718b1965 xxu||||| |||| 00| 0 eng d | ||
| 082 | _aNIx73 Un3n | ||
| 245 |
_aNationbal and state civil defence policy resolutions of the American federation of labor, congress of industrial organizations _cDepartment of Defence Office of Civil Defense |
||
| 260 |
_a _b _c1965 |
||
| 300 | _a51p. | ||
| 999 |
_c493799 _d493799 |
||